000 00762nam a2200229 u 4500
005 20220525133847.0
008 110817s2003 es r 000 0 spa d
020 _a8484522237
035 _aUPN01000181461
049 _aI
050 4 _aPZ7
_bH6.4
100 1 _aHoffman, Mary,
_d1945-
_934596
245 1 4 _aLos colores de casa /
_cMary Hoffman ; il. Karin Littlewood ; tr. Fina Marfa.
260 _aBarcelona, Esp. :
_bIntermón Oxfam,
_c2003.
300 _a28 p. :
_bil. col.
534 _pTítulo original:
_tThe colors of home
650 4 _aCUENTOS INFANTILES AFRICANOS
_911560
651 4 _aAFRICA -
_xCONDICIONES SOCIALES
_92047
650 4 _aNIÑOS Y GUERRA
_912695
650 0 _aEmigración e inmigración en la literatura
_917889
905 _aInfantil
999 _c153564
_d153564